| 000 | 00523nam a22001697a 4500 | ||
|---|---|---|---|
| 005 | 20231106093828.0 | ||
| 008 | 231106b |||||||| |||| 00| 0 eng d | ||
| 020 | _a409048607 | ||
| 041 | _aEnglish | ||
| 082 | _a346.5 PIN | ||
| 100 |
_aPinkerton, JC _lEnglish |
||
| 245 |
_aThe Drafting of Wills with Precedents / _cJC Pinkerton |
||
| 260 |
_aDurban : _bButterworth and Company (Pty) Ltd, _c1971 |
||
| 300 |
_bxii, 96 pages ; _c20 cm. |
||
| 650 |
_aLegal practice _bLaw |
||
| 942 |
_cBK _6ALISON_BN_VRIES |
||
| 999 |
_c302 _d302 |
||